| Tag |
First Indicator |
Second Indicator |
Subfields |
| LEADER |
00000cam a2200000 i 4500 |
| 001 |
in00005727310 |
| 005 |
20260319205120.4 |
| 006 |
m o d |
| 007 |
cr cnu---unuuu |
| 008 |
240430t20242024nyua ob 001 0 eng |
| 010 |
|
|
|a 2024017987
|
| 040 |
|
|
|a DLC
|b eng
|e rda
|e pn
|c DLC
|d STBDS
|d OCLCO
|d EBLCP
|d N$T
|d YDX
|d OCLCO
|d OCLCQ
|d UPM
|d CLOUD
|d OCLCQ
|d OCLCO
|d IUL
|d OCLCO
|
| 020 |
|
|
|a 9780190673048
|q electronic book
|
| 020 |
|
|
|a 0190673044
|q electronic book
|
| 020 |
|
|
|a 9780190673055
|q electronic book
|
| 020 |
|
|
|a 0190673052
|q electronic book
|
| 020 |
|
|
|a 9780190673031
|q electronic book
|
| 020 |
|
|
|a 0190673036
|q electronic book
|
| 020 |
|
|
|z 9780190673024
|q paperback
|
| 020 |
|
|
|z 9780190673017
|q hardcover
|
| 024 |
7 |
|
|a 10.1093/oso/9780190673017.001.0001
|2 doi
|
| 035 |
|
|
|a (OCoLC)1450903853
|
| 042 |
|
|
|a pcc
|
| 043 |
|
|
|a n-us-mi
|
| 050 |
|
4 |
|a BL1216.6.U56
|b P56 2024
|
| 082 |
0 |
0 |
|a 294.5/20977438
|2 23/eng/20240807
|
| 049 |
|
|
|a TXAM
|
| 100 |
1 |
|
|a Pintchman, Tracy,
|e author.
|1 https://id.oclc.org/worldcat/entity/E39PCjBwRB4mWxCMq7rfD7cvBP
|
| 245 |
1 |
0 |
|a Goddess beyond boundaries :
|b worshipping the Eternal Mother at a North American Hindu Temple /
|c Tracy Pintchman.
|
| 246 |
3 |
0 |
|a Worshipping the Eternal Mother at a North American Hindu Temple
|
| 264 |
|
1 |
|a New York, NY :
|b Oxford University Press,
|c [2024]
|
| 264 |
|
4 |
|c ©2024
|
| 300 |
|
|
|a 1 online resource (x, 224 pages) :
|b illustrations.
|
| 336 |
|
|
|a text
|b txt
|2 rdacontent
|
| 337 |
|
|
|a computer
|b c
|2 rdamedia
|
| 338 |
|
|
|a online resource
|b cr
|2 rdacarrier
|
| 504 |
|
|
|a Includes bibliographical references and index.
|
| 505 |
0 |
|
|a Cover -- Copyright -- Goddess Beyond Boundaries -- Dedication -- Contents -- Acknowledgments -- Note on Transliterations, Quotations, and Names -- Introduction -- Callings -- The Hindu Goddess in Scripture, in the World, and in Pontiac -- Why This Book? -- The Arrangement of Chapters -- 1. Geographic Crossings/Earth -- Beginnings -- Mariamman and Karumariamman in India -- Karumariamman and Her Temple in Thiruverkadu -- Goddess on the Move: The Tamil Karumariamman Beyond Thiruverkadu -- Crossings: A Passage to Michigan -- Dwellings: The Parashakthi Temple as Translocal Sacred Space
|
| 505 |
0 |
|
|a 2. Devotional Crossings/Water -- Frictions and Flows -- Jane and Family -- Ven Johnson -- Laura -- A. N. K. Swamy and Dr. P. Pandian (a.k.a. Kaviyogi Bacon) -- Ravi -- Transcendent Lives and Translocal Shaktiscapes -- 3. Material Crossings/Fire -- Matter that Matters -- Murtis (Temple Images) and Yantras -- The Goddess's Shaligrams -- The Rajagopuram and Shakti Garbha -- Material Theology at the Parashakthi Temple -- 4. Ritual Crossings/Wind -- Performing Religion -- Rites at the Parashakthi Temple -- Pratinidhi Pilgrimage: The Ingathering of Shakti
|
| 505 |
0 |
|
|a Rising from the Fire: Divine Mother Returns Home -- 5. Divine Crossings/Space -- Frontiers and Maps -- The Impersonal Goddess: Goddess as Space, Vibration, Light, and Sound -- Goddess as Metaphor -- The Personal Goddess: Goddess as Healer, Caretaker, and Spiritual Guide -- Rohan -- Chandran -- Padmini -- Postscript: On the Parashakthi Temple as a "Diaspora" Temple -- Endings -- Notes -- Works Cited -- Index
|
| 520 |
|
|
|a "This book explores the religious life of an American Hindu goddess temple, the Parashakthi Temple, in Pontiac, Michigan. The goddess honored here, Karumariamman, originates from village goddess traditions in South India but comes to assume the status of Great Goddess in her Michigan abode. She is a tantric deity and wonder worker who communicates directly with devotees through dreams, visions, and miracles. The religiosity promoted by the Parashakthi Temple, while clearly Hindu and Indian in both form and substance, is nevertheless grounded in a vision of the Goddess as a breaker of all kinds of boundaries, including those of race, ethnicity, religion, geography, history, and nationality. Temple discourse is deeply innovative both ritually and theologically, reimagining and emplacing the Goddess in the American religious, cultural, and natural landscape and recreating Hindu traditions and the Hindu Great Goddess in dynamic conversation with the new context. Here the Goddess herself embodies the qualities of a new immigrant; she embraces the opportunities her new home affords her and refashions herself, but she does not forget her roots, keeping one foot planted in her Indian homeland and another planted firmly in her new land, the United States"--
|c Provided by publisher.
|
| 588 |
|
|
|a Description based on online resource; title from home page (Oxford Academic, viewed November 13, 2025).
|
| 650 |
|
0 |
|a Hindu goddesses
|z Michigan
|z Pontiac.
|
| 650 |
|
0 |
|a Hinduism
|z Michigan
|z Pontiac.
|
| 650 |
|
7 |
|a Hinduism.
|2 bisacsh
|
| 650 |
|
7 |
|a RELIGION.
|2 bisacsh
|
| 650 |
|
7 |
|a Rituals & Practice.
|2 bisacsh
|
| 650 |
|
7 |
|a Theology.
|2 bisacsh
|
| 650 |
|
7 |
|a Religion & beliefs.
|2 thema
|
| 650 |
|
7 |
|a Religion.
|2 ukslc
|
| 655 |
|
7 |
|a Electronic books.
|2 local
|
| 776 |
0 |
8 |
|i Print version:
|a Pintchman, Tracy.
|t Goddess beyond boundaries
|d New York, NY, United States of America : Oxford University Press, [2024]
|z 9780190673024
|w (DLC) 2024017986
|
| 856 |
4 |
0 |
|u http://proxy.library.tamu.edu/login?url=https://academic.oup.com/book/58174
|z Connect to the full text of this electronic book
|t 0
|
| 955 |
|
|
|a Oxford Scholarship Online
|
| 994 |
|
|
|a 92
|b TXA
|
| 999 |
f |
f |
|i 858d8cdb-bc56-45ed-b4c3-47cd544cfcd3
|s 0e1aa2d3-eab4-471b-a230-f714c4b8bc20
|t 0
|
| 952 |
f |
f |
|a Texas A&M University
|b College Station
|c Electronic Resources
|s www_evans
|d Available Online
|t 0
|e BL1216.6.U56 P56 2024
|h Library of Congress classification
|
| 998 |
f |
f |
|a BL1216.6.U56 P56 2024
|t 0
|l Available Online
|